000 01051cam a2200301 a 4500
999 _c5470
_d5470
001 1501526
003 OSt
005 20190104112255.0
008 890203s1988 is a b 001 0 eng
010 _a 88190144
020 _a9653590014 (pbk.)
040 _aDLC
_cDLC
_dDLC
050 0 0 _aBS2545.J44
_bS74 1988
082 0 0 _a225.67
_219
_bS839R
100 1 _aStern, David H.,
_d1935-
245 1 0 _aRestoring the Jewishness of the Gospel /
_cby David H. Stern.
250 _a1st ed.
260 _aJerusalem, Israel :
_bJewish New Testament Publications ;
_aGaithersburg, MD, USA :
_bDistributed by Union of Messianic Jewish Congregations,
_cc1988.
300 _a85 p. :
_bill. ;
_c21 cm.
504 _aIncludes bibliographical references and index.
600 0 0 _aJesus Christ
_xJewishness.
650 0 _aJews in the New Testament.
650 0 _aChristianity and other religions
_xJudaism.
650 0 _aJudaism
_xRelations
_xChristianity.
650 0 _aMissions to Jews.
906 _a7
_bcbc
_corignew
_d3
_encip
_f19
_gy-gencatlg
942 _2ddc
_cBK